| 000 | 02994aam a2200409 i 4500 | ||
|---|---|---|---|
| 003 | CO-BoRNBP | ||
| 005 | 20241021151453.0 | ||
| 007 | ta | ||
| 008 | 230427s2015 ck abo grb 000 0 spa d | ||
| 020 | _a9789589916971 | ||
| 040 |
_aCO-BoUNC _bspa _erda _cCO-BoUNC |
||
| 043 | _as-ck--- | ||
| 082 | 0 | 4 |
_a333.72 _bR49 _223 |
| 100 | 1 |
_aRivera Ospina, David _eautor _943376 |
|
| 245 | 1 | 0 |
_aColombia, naturaleza en riesgo / _ctextos David Rivera Ospina, Luz Ángela Silva Álvarez ; fotografía Angélica Montes Arango. |
| 250 | _aPrimera edición | ||
| 264 | 1 |
_aCali, Colombia : _bBanco de Occidente, _c2015. |
|
| 300 |
_a207 páginas : _bilustraciones, mapas, fotografías ; _c34 cm. |
||
| 336 |
_atexto _btxt _2rdacontent |
||
| 337 |
_asin mediación _bn _2rdamedia |
||
| 338 |
_avolumen _bnc _2rdacarrier |
||
| 500 | _aIncluye glosario | ||
| 504 | _aIncluye referencias bibliográficas (páginas 205-207) | ||
| 505 | 0 | _aPresentación -- Introducción -- La extinción, una amenaza global -- Extinción en los ecosistemas terrestres de Colombia -- Extinción en los ecosistemas de agua dulce de Colombia -- Extinción en los ecosistemas marinos y costeros de Colombia -- Causas de la extinción en Colombia | |
| 520 | 3 | _aEn la conmemoración de sus cincuenta años, el Banco de Occidente publica Colombia, naturaleza en riesgo, obra que tiene como hilo conductor el principal problema que afronta la humanidad en estos momentos: la extinción masiva de ambientes y de especies de flora y fauna. Después de hacer un recuento de las cinco extinciones ocurridas en el planeta, el libro muestra cómo nos estamos aproximando a la sexta, que esta vez es producida por el hombre. Para comprender el daño que estamos causando, debemos conocer lo que tenemos. Es por esto que la obra hace un recorrido por los ecosistemas terrestres y acuáticos de Colombia, muestra sus principales características y su funcionamiento, para luego indicar cuáles son las especies de fauna y flora que están en peligro y cuáles las actividades que, de una u otra manera y a diferentes niveles, están degradando los ambientes naturales. Finalmente plantea la necesidad de que todos contribuyamos a recuperarlos, asumamos nuestra responsabilidad frente a su situación actual y adoptemos acciones que tiendan a aminorar el riesgo, puesto que de no hacerlo, se va a afectar la sostenibilidad de nuestro país -- | |
| 650 | 1 | 7 |
_aConservación de la naturaleza _2LEMB _943377 |
| 650 | 1 | 7 |
_aEpecies amenazadas _2LEMB _943378 |
| 650 | 1 | 7 |
_aConservación de especies _2LEMB _943379 |
| 650 | 1 | 7 |
_aEcosistemas vulnerables _2LEMB _943380 |
| 650 | 1 | 7 |
_aEcosistemas terrestres _zColombia _2ARMARC _943381 |
| 650 | 1 | 7 |
_aEcosistemas acuáticos _zColombia _2ARMARC _943382 |
| 650 | 1 | 7 |
_aEcosistemas marinos _zColombia _2ARMARC _943383 |
| 650 | 1 | 7 |
_aEcosistemas costeros _zColombia _2ARMARC _943384 |
| 700 | 1 |
_aSilva Álvarez, Luz Ángela _eautor _943385 |
|
| 700 | 1 |
_aMontes Arango, Angélica _efotógrafo _943386 |
|
| 942 |
_2ddc _cBK |
||
| 999 |
_c38500 _d38500 |
||